| 000 | 00527nam a22001817a 4500 | ||
|---|---|---|---|
| 003 | 0 | ||
| 005 | 20250926171057.0 | ||
| 008 | 250926b xxu||||| |||| 00| 0 eng d | ||
| 020 | _a978-1-03-287530-9 | ||
| 050 |
_aHB 172 _b.S23 2025 |
||
| 100 |
_aSadler, Thomas R., _eauthor. |
||
| 245 |
_aMicroeconomics : _bthe basics / _cThomas R. Sadler. |
||
| 260 |
_aNew York, NY : _bRoutledge, _c2025. |
||
| 300 |
_axii, 186 pages : _billustrations ; _c20 cm. |
||
| 504 | _aIncludes index. | ||
| 650 | _aMicroeconomics. | ||
| 942 |
_2lcc _cBK |
||
| 999 |
_c368124 _d368124 |
||